000 00808nas a2200277 4500
001 BR9508547
003 BR-BrBNA
005 20231205095502.0
007 ta
008 230509b bl.|||p| |||| 00| 00por d
040 _aBR-BrBNA
_bpor
_cBiblioteca Nacional de Agricultura
041 _a(Pt)
072 _aF30; F01
100 1 _aFranco, F. de A.
100 1 _aBassoi, M.C.
100 1 _aGomide, F.B.
245 1 _aAnalise do rendimento de graos de cultivares de trigo em diferentes condicoes de ambientes
650 _aTrigo
650 _aGrao
650 _aRendimento
650 _aVariedade
650 _aAdubacao
773 0 _tAgronomia Sulriograndense (Brazil)
_xISSN 0400-8111
_g(1990), v. 26(1) p. 107-122
_wBR9508547
909 _a202311
_bLúcia
_c55
_dLúcia Elande
942 _2AGRIS
_n0
_cANA
999 _c150977
_d150977